000 01058nam a2200265 a 4500
001 000016791
005 20260319105642.0
008 100310s2004 dr acd r 000 0 spa d
040 _aDO-SdBNP
_bspa
_cBNPD
082 _a362.76
_bR457a
100 1 _aReyes Paulino, Margarita.
_937209
245 1 0 _aAbuso infantil, salud y justicia /
_cMargarita Reyes Paulino ; prólogo Teresita Osorio Camilo ; presentación Fausto Báez Jiménez.
260 _aSanto Domingo :
_bCONAPOFA,
_c2004.
_fMetropolitana
300 _a106 p. :
_bil., gráfcs., retrs. ;
_c22 cm.
590 _aInventariado, 2018/BT
650 0 _aAbuso del niño
_937210
650 4 _aAbuso sexual de menores
_910848
650 4 _aTrabajo social con niños
_937211
650 0 _aBienestar infantil
_937212
650 0 _aNiños
_xCrímenes contra
_937213
700 1 _aOsorio Camilo, Teresita,
_epról.
_937214
700 1 _aBáez Jiménez, Fausto,
_epresent.
_97315
710 2 _aConsejo Nacional de Población y Familia (República Dominicana)
_96985
910 _aValidado. Control de calidad. EMS
999 _c16323
_d16323